Argentina 2018 World Cup Squad - Statistics

General Stats
  • This quiz has been taken 17 times
  • The average score is 13 of 23
Answer Stats
Squad Number Club Position Player % Correct
10 Barcelona Forward Lionel Messi
94%
21 Juventus Forward Paulo Dybala
94%
9 Chelsea Forward Gonzalo Higuain
82%
16 Manchester United Defender Marcos Rojo
82%
19 Manchester CIty Forward Sergio Aguero
82%
11 Paris Saint-Germain Midfielder Angel Di Maria
76%
14 Hebei China Fortune Defender Javier Mascherano
71%
17 Manchester City Defender Nicolas Otamendi
71%
3 Ajax Defender Nicolas Tagliafico
71%
23 Chelsea Goalkeeper Wilfredo Caballero
71%
7 Sevilla Midfielder Ever Banega
59%
12 River Plate Goalkeepr Franco Armani
59%
5 A.C. Milan Midfielder Lucas Biglia
59%
22 Boca Juniors Midfielder Cristian Pavon
53%
20 Real Betis (loan) Midfielder Giovani Lo Celso
53%
8 Sporting CP Defender Marcos Acuna
53%
6 A.S. Roma Defender Federico Fazio
41%
18 Benfica Defender Eduardo Salvio
35%
15 River Plate Midfielder Enzo Perez
35%
13 Monterrey Midfielder Maxamiliano Meza
29%
1 Tigres UANL Goalkeeper Nahuel Guzman
29%
4 Torino Defender Christian Anslaldi
0%
2 Sevilla Defender Gabriel Mercardo
0%
No matching quizzes found
Score Distribution
Percent of People with Each Score
Percentile by Number Answered
Your Score History
You have not taken this quiz